Statistiques concernant Tous les titres des albums de Jul

Cliquez ici pour prendre le quiz!

Statistiques générales

  • Ce quiz a été pris 79 fois
  • Le résultat moyen est 11 sur 19

Statistiques - réponses

AnnéeAlbum% Correct
2015My World
86%
2014Dans ma paranoïa
82%
2019Rien 100 Rien
67%
2016Emotions
63%
2016L'ovni
63%
2020La machine
61%
2020Loin du monde
61%
2021Indépendance
57%
2021Demain ça ira
55%
2015Jul
55%
2019C'est pas des LOL
53%
2014Lacrizeomic
51%
2017Je ne me vois pas briller
49%
2017La tête dans les nuages
49%
2018Inspi d'ailleurs
47%
2015Je tourne en rond
47%
2022Extraterrestre
45%
2018La zone en personne
45%
2014Je trouve pas le sommeil
39%

Distribution des résultats

Percentile par nombre de réponses

% des personnes avec chaque résultat

Votre développement - résultats

Vous n’avez pas pris ce quiz